1737 1978 1694 1675 1810 1713 1359 1237 1349 1908 1527 1645 1965 1031 1545 1987 1343 1638 1620 1362 1204 1490 1077 1295 1873 1078 1699 1387 1926 1732 1769 1753 1683 1148 1702 1734 1584 1470 1951 1088 1968 1222 1890 1330 1028 1285 1781 1909 1428 1766 1567 1036 1723 1814 1271 1496 1067 1906 1328 1772 1297 1154 1094 1541 1120 1653 1807 1839 1196 1202 1554 1707 1417 1578 1849 1103 1406 1223 1321 1023 1071 1128 1367 1407 1620 1031 1308 1795 1351 1471 1721 1346 1833 1628 1334 1595 1329 1283 1691 BCNSPRNW ULIB Ver.6.0+V

เปลี่ยนเป็นภาษาไทย

Change to English
 แสดงรายละเอียดบรรณานุกรม
  กลับหน้าหลัก

Brief Record : Get Marc (ISO 2709) : E-mail record : QR code < ปิดหน้าต่าง
LEADER : 00000nam 2200000uu 4500
001    13399114612
003     ULIB
008    120424s2546||||th 000 0 tha d
020    ^a9743227083
090    ^aนว^bก253ร 2546
100 1  ^aJemima J
245 10 ^aรักของฉันพร่องมันเนย =^bJemima J. /^cของ Jane Green
246 31 ^aJemima J.
260    ^aกรุงเทพฯ :^bมติชน,^c2546
300    ^a421 หน้า ;^c22 ซม.
440  0 ^aชุดวรรณกรรมแปล
500    ^aSend to Single Search
650  4 ^aนวนิยาย
700 0  ^aมณฑารัตน์ ทรงเผ่า,^eผู้แปล
945    ^p240^l0^i17046
999 ^a ใช้งานได้ทุกระบบ
รายการนี้ยังไม่มีแท็ก
คุณยังไม่ได้ล็อกอิน คุณสามารถมีกิจกรรมร่วมกับเว็บไซต์ได้ แต่ต้องล็อกอินก่อน ::
  ล็อกอิน

รายการสื่อสารสนเทศ

ลำดับที่ ประเภท เลขเรียก/บาร์โค้ด สถานที่ สถานะ
1. นวนิยาย
นวนิยาย
นว ก253ร 2546  
  Barcode: 17046
ห้องสมุดวิทยาเขตสวรรค์ประชารักษ์
►นวนิยาย
บนชั้น
  ขอยืม

รายการใกล้เคียง
    หัวเรื่อง [นวนิยาย]

BibComment


ยังไม่เคยถูกคอมเมนท์

คอมเมนท์ทรัพยากรรายการนี้
  คอมเมนท์: รักของฉันพร่องมั..


 Copyright 2026. Bcnsprnw @Library